Gotham Characters (Slideshow) Quiz Stats

 Plays Quiz not verified by Sporcle

Challenge
Share
Tweet
Score 0/21 Timer 04:00
0 Plays Today
% Correct
James Gordon
99.1%
Oswald Cobblepot
94%
Selina Kyle
92.5%
Harvey Bullock
91.8%
Fish Mooney
91.2%
Alfred Pennyworth
88.7%
Bruce Wayne
85.5%
Barbara Kean
84.3%
Carmine Falcone
81.1%
Salvatore Maroni
75.8%
Butch Gilzean
69.8%
% Correct
Gertrude Kapelput
59.1%
Ivy Pepper
55%
Edward Nygma
53.5%
Leslie Thompkins
53.5%
Sarah Essen
48.4%
Renee Montoya
47.2%
Crispus Allen
39.6%
Liza
26.4%
Aubrey James
20.4%
Harvey Dent
16%

You're not logged in!

Compare scores with friends on all Sporcle quizzes.
Join for Free
OR
Log In

You Might Also Like...

Show Comments

Extras

Created Feb 2, 2015ReportNominate
Tags:character, Slideshow

Top Quizzes Today


Score Distribution

Your Account Isn't Verified!

In order to create a playlist on Sporcle, you need to verify the email address you used during registration. Go to your Sporcle Settings to finish the process.

Report this User

Report this user for behavior that violates our Community Guidelines.

Details: